Expresión Oral. Nivel Intermedio A2-B1.

Saved in:
Bibliographic Details
Main Author: Lobón López, María José (autora)
Other Authors: López García, Gregoria autora, Ron Ron, Ana Isabel (autora)
Format: Book
Published: Madrid, España: enClave-ELE, 2017.
Series:Destrezas ELE
Subjects:
Tags: Add Tag
No Tags, Be the first to tag this record!

MARC

LEADER 00000nam a22000007a 4500
003 CL-VaPUC
005 20240812113553.0
008 240807t2017 ||||| |||| 00| 0 eng d
999 |c 444401  |d 444399 
020 |a 978-84-16108-92-3 
040 |c Pontificia Universidad Católica de Valparaíso 
082 7 |2 22  |a 468.2421 LOB 2017 
100 |a Lobón López, María José  |e autora  |9 890619 
245 |a Expresión Oral.  |b Nivel Intermedio A2-B1. 
260 |a Madrid, España:  |b enClave-ELE,  |c 2017. 
300 |a 128 páginas. 
490 |a Destrezas ELE 
500 |a c.1 Entregados por Profesor René Venegas 07-08-2024 
583 |c 20240807  |k Catalogador Asistente 
650 0 |9 307769  |a Comunicación oral  |x Lengua española 
650 0 |9 890620  |a  Oral communication  |x Spanish language 
650 0 |9 890621  |a Lengua española  |x Ejercicios y problemas 
650 0 |a Spanish language  |v Exercises and problems  |9 890622 
700 |a López García, Gregoria  |d autora  |9 890556 
700 |a Ron Ron, Ana Isabel  |e autora  |9 890557 
942 |2 ddc  |c BK 
952 |0 0  |1 0  |2 ddc  |4 0  |6 468_242100000000000_LOB_2017  |7 0  |8 A  |9 596216  |a BIBGIM  |b BIBGIM  |d 2024-08-07  |i 5662327  |o 468.2421 LOB 2017  |p 5662327  |r 2025-01-15  |t 1  |w 2024-08-07  |y BK  |k ELE